コミュニティバスの愛称から自治体名を当てよう東京編 - Statistics

General Stats
  • This quiz has been taken 110 times
  • The average score is 22 of 38
Answer Stats
Hint Answer % Correct
新宿WEバス 新宿区
93%
すぎ丸 杉並区
93%
ハチ公バス 渋谷区
90%
なかのん (廃止) 中野区
89%
日野市ミニバス 日野市
88%
レインボーかつしか 葛飾区
87%
しなバス 品川区
86%
すみまるくん 墨田区
86%
みたかシティバス 三鷹市
85%
IKEBUS 豊島区
77%
はちバス 八王子市
70%
しおかぜ 江東区
66%
きよバス 清瀬市
64%
江戸バス 中央区
60%
さんまバス 目黒区
60%
ムーバス 武蔵野市
58%
こまバス 狛江市
57%
ちぃばす 港区
57%
風ぐるま 千代田区
55%
Kバス 北区
54%
たまちゃんバス 大田区
54%
Bーぐる 文京区
54%
めぐりん 台東区
53%
ちゅうバス 府中市
52%
鬼太郎バス 調布市
46%
はるかぜ 足立区
45%
ぶんバス 国分寺市
43%
みどりバス 練馬区
43%
さくら・汐入さくら 荒川区
43%
上一色周辺地区コミュニティ交通(実証運行終了) 江戸川区
39%
りんりん号 板橋区
37%
CoCoバス CoCoバス・ミニ 小金井市
35%
Aバス 昭島市
32%
くるりんバス 立川市
30%
玉ちゃんバス・かわせみ号 町田市
20%
グリーンバス 東村山市
19%
にじバス 小平市
18%
ちょこバス 東大和市
15%
No matching quizzes found
Score Distribution
Percent of People with Each Score
Percentile by Number Answered
Your Score History
You have not taken this quiz